000 00700cam a22002413a 4500
001 14986
003 PGUSA
005 20140828083323.0
008 050209s2005||||xxu|||||s|||||000 | eng d
040 _aPGUSA
_beng
042 _adc
050 4 _aQC
100 1 _aFaraday, Michael,
_d1791-1867
245 1 0 _aExperimental Researches in Electricity, Volume 1
_h[electronic resource] /
_cMichael Faraday
260 _bProject Gutenberg,
_c2005
506 _aPublic domain in the USA.
516 _aElectronic text
653 _aElectricity
653 _aElectricity -- Early works to 1850
830 0 _aProject Gutenberg
_v14986
856 4 0 _uhttp://www.gutenberg.org/ebooks/14986
942 _cEB
999 _c244241
_d244241